Construir confianza: ética de la empresa en la sociedad de la información y las comunicaciones
Gespeichert in:
| Hauptverfasser: | , , , , , , , , , |
|---|---|
| Weitere Verfasser: | |
| Format: | Buch |
| Sprache: | Spanisch |
| Veröffentlicht: |
Madrid
Trotta
2003
|
| Schriftenreihe: | Colección Estructuras y Procesos
Ciencias Sociales |
| Schlagworte: | |
| Tags: |
Tag hinzufügen
Keine Tags, Fügen Sie den ersten Tag hinzu!
|
MARC
| LEADER | 00000nam a2200000 a 4500 | ||
|---|---|---|---|
| 001 | UCG3478 | ||
| 003 | CL-VaPUC | ||
| 008 | 100902e20030000SP |||||||||||||||||spa|d | ||
| 020 | |a 8481646210 | ||
| 082 | 0 | 4 | |a 658.403 |b COR |2 21 |
| 100 | 0 | |a Cortina Orts, Adela |e author |9 552661 | |
| 700 | 0 | |a Sen, Amartya |e author |9 552662 | |
| 700 | |a Castells, Manuel |e autor |9 489680 | ||
| 700 | 0 | |a Conill, Jesús |e author |9 552663 | |
| 700 | 0 | |a Ramonet, Ignacio |e author |9 552664 | |
| 700 | 0 | |a Sávila, Alvaro |e author |9 552665 | |
| 700 | 0 | |a Enderle, Georges |e author |9 552666 | |
| 700 | 0 | |a Cebrián, Juan Luis |e author |9 552667 | |
| 700 | 0 | |a Villafañe Gallego, Justo |e author |9 552668 | |
| 700 | 0 | |a Schulte-Hillen, Gerd |e author |9 552669 | |
| 700 | 0 | |a García-Marzá, Domingo |e author |9 552670 | |
| 245 | 1 | 0 | |a Construir confianza: ética de la empresa en la sociedad de la información y las comunicaciones |
| 300 | |a 226 p | ||
| 942 | |c BK | ||
| 945 | |d 20100902 00:00:00 |a mfarfan | ||
| 260 | |a Madrid |b Trotta |c 2003 | ||
| 650 | 0 | |a Ética empresarial |9 428363 | |
| 650 | 0 | |a Administración de empresas |9 260833 | |
| 650 | 0 | |a Toma de decisiones |9 257530 | |
| 650 | 0 | |a Aspectos morales y éticos |9 255877 | |
| 650 | 0 | |a Comportamiento moral |9 334569 | |
| 650 | 0 | |a Responsabilidad moral |9 311092 | |
| 583 | |a last modification |c 20120105 08:35:54 |k Rodrigo Vera | ||
| 490 | 0 | |a Colección Estructuras y Procesos | |
| 490 | 0 | |a Ciencias Sociales | |
| 999 | |c 342546 |d 342544 | ||
| 952 | |0 0 |1 0 |4 0 |6 658_403000000000000_COR_2003 |7 0 |8 A |9 438794 |a BIBCUR |b BIBCUR |d 2019-11-22 |i 4710355 |o 658.403 COR 2003 |p 4710355 |r 2025-04-22 |w 2019-11-22 |y BK |k PER | ||